00491nam a2200169Ia 4500003000900000008004100009020001800050040001600068080002300084100002900107245005000136260003700186300001400223490005100237650001600288650001700304IN-BaIIA211028s9999 xx 000 0 eng d a0-7923-6928-9 cIIA Library a52(082.1)bASS-260 aMiroshnichenko, Leonty I 0aSolar cosmic rayscLeonty I. Miroshnichenko,  aDordrechtbKluwer Academicc2001 axi, 480p. aAstrophysics and space science library; v. 260 aCosmic rays aSolar system